000 00506nam a22001577a 4500
082 _a297.2
_bTaqi
_cMasjid
100 _aحضرت مولانا مفتی تقی عثمانی صاحب
_951178
245 _aفقہی مقالات
260 _aKarachi
_bMaymen Publicer
_c2011
300 _a304
526 _a0
_b0
_c0
_d297_200000000000000_TAQI
526 _a0
_b0
_c0
_d297_200000000000000_TAQI
526 _a0
_b0
_c0
_d297_200000000000000_TAQI
526 _a0
_b0
_c0
_d297_200000000000000_TAQI
942 _2ddc
_cBK
999 _c553939
_d553939